| 000 | 00500nam a2200193 a 4500 | ||
|---|---|---|---|
| 001 | 1770118679451 | ||
| 003 | YourLibrary | ||
| 005 | 20260203171019.0 | ||
| 008 | 260203s1999##################000#0#eng## | ||
| 020 | _a9780140196016 | ||
| 082 | 0 | 4 |
_a302.224 _bSHL |
| 100 | 1 |
_aShlain, Leonard, _eauthor. |
|
| 245 | 1 | 0 | _aThe Alphabet Versus the Goddess : |
| 260 |
_bPenguin, _c1999. |
||
| 300 | _a500 pages | ||
| 650 | 0 | _aSocial Science. | |
| 942 | _cENGLISH | ||
| 040 |
_aYourLibrary _beng _cYourLibrary |
||
| 999 |
_c610093 _d610093 |
||